Program Pembangunan Profesional : Kanun Tanah Negara 1965 dan Akta Hakmilik Strata 1985 Rasional & Interpretasi Pindaan Terbaru :

Bibliographic Details
Corporate Authors: Nota kursus program pembangunan professional, Institut Penilaian Negara
Format: Book
Published: Bangi : Institut Penilaian Negara , 1990
Subjects:
Online Access:http://app.inspen.gov.my:7779/pls/portal/docs/PAGE/CORPORATEPAGES/PORTAL_INSPEN/NOTA_KURSUS/CPD/FA.PDF

MARC

LEADER 00000cam a2200000 7i4500
001 0000005207
005 20080610.0
040 |a INS 
090 0 0 |a CPD02 
110 1 |a Nota kursus program pembangunan professional   |k 1985 24 - 25 September   |c INSPEN, Bangi 
245 0 0 |a Program Pembangunan Profesional :   |b Kanun Tanah Negara 1965 dan Akta Hakmilik Strata 1985 Rasional & Interpretasi Pindaan Terbaru :   |b 24 - 25 September 1990   |c Anjuran Institut Penilaian Negara 
260 |a Bangi :   |b Institut Penilaian Negara ,   |c 1990 
300 |a 1 jil. (Mukasurat pelbagai ) :   |b ill. ;   |c 30 cm. 
500 |a Digital document is available on-line; Please click the URL below 
650 0 0 |a Continuous Professional Development 
650 0 0 |a National Land Code 
650 0 0 |a Strate title 
710 1 |a Institut Penilaian Negara 
856 |u http://app.inspen.gov.my:7779/pls/portal/docs/PAGE/CORPORATEPAGES/PORTAL_INSPEN/NOTA_KURSUS/CPD/FA.PDF 
999 |a CPD0000006   |b BOOK   |c Course Notes   |e Default branch 
999 |a CPD0000109   |b BOOK   |c Course Notes   |e Default branch